Japanese conversation in 50 hours. (Record no. 6975)
[ view plain ]
| 000 -LEADER | |
|---|---|
| fixed length control field | 00676cam a2200193u 4500 |
| 001 - CONTROL NUMBER | |
| control field | 7855798 |
| 003 - CONTROL NUMBER IDENTIFIER | |
| control field | TZ-ArACH |
| 005 - DATE AND TIME OF LATEST TRANSACTION | |
| control field | 20231004151303.0 |
| 040 ## - CATALOGING SOURCE | |
| Original cataloging agency | DLC |
| Transcribing agency | TZ-ArACH |
| 050 00 - LIBRARY OF CONGRESS CALL NUMBER | |
| Classification number | PL535 |
| Item number | .J35 1982 |
| 110 ## - MAIN ENTRY--CORPORATE NAME | |
| Corporate name or jurisdiction name as entry element | Japanese International Cooperation Agency (JICA) |
| 245 10 - TITLE STATEMENT | |
| Title | Japanese conversation in 50 hours. |
| Statement of responsibility, etc | Japanese International Cooperation Agency (JICA) |
| 260 ## - PUBLICATION, DISTRIBUTION, ETC. (IMPRINT) | |
| Place of publication, distribution, etc | Tokyo, Japan: |
| Name of publisher, distributor, etc | Japanese International Cooperation Agency (JICA); |
| Date of publication, distribution, etc | 1982. |
| 300 ## - PHYSICAL DESCRIPTION | |
| Extent | v; 101 pages |
| Other physical details | 1 l. |
| Dimensions | 26 cm. |
| 650 #0 - SUBJECT ADDED ENTRY--TOPICAL TERM | |
| Topical term or geographic name as entry element | Japanese language |
| General subdivision | Grammar. |
| 650 #0 - SUBJECT ADDED ENTRY--TOPICAL TERM | |
| Topical term or geographic name as entry element | Japanese language |
| Form subdivision | Conversation and phrase books. |
| 906 ## - LOCAL DATA ELEMENT F, LDF (RLIN) | |
| a | 0 |
| b | cbc |
| c | premunv |
| d | u |
| e | ncip |
| f | 19 |
| g | y-gencatlg |
| 942 ## - ADDED ENTRY ELEMENTS (KOHA) | |
| Source of classification or shelving scheme | Library of Congress Classification |
| Koha item type | Books |
| Home library | Current library | Date acquired | Full call number | Barcode | Koha item type | Public note |
|---|---|---|---|---|---|---|
| African Court on Human and Peoples' Rights Library | African Court on Human and Peoples' Rights Library | 04/10/2023 | PL535 .J35 1982 | 10189742 | Books | Donation from Hon Chafika Bensaoula, June 2023 |
